[Event "Open"]
[Site "Dubai UAE"]
[Date "2000.04.29"]
[Round "2"]
[White "Lputian,S"]
[Black "Kaiumov,D"]
[Result "0-1"]
[WhiteElo "2605"]
[BlackElo "2475"]

1.d4 Nf6 2.Nf3 d5 3.c4 e6 4.Nc3 Be7 5.Bg5 h6 6.Bh4 O-O 7.Rc1 dxc4 8.e3 c5
9.Bxc4 cxd4 10.Nxd4 Bd7 11.Bg3 Nc6 12.Ndb5 a6 13.Nd6 b5 14.Be2 Qb6 15.a4 b4
16.Nc4 Qa7 17.Nb1 Rfd8 18.Nbd2 Be8 19.Bf3 a5 20.O-O Rac8 21.Qe2 Nb8 22.Ra1 Nd5
23.Nb3 Nc6 24.Rfc1 Bf8 25.h3 Be7 26.Rc2 Bf8 27.Rac1 Nce7 28.Ncxa5 Rxc2 29.Rxc2 Bxa4
30.e4 Nf6 31.Rc7 Qa8 32.Qc4 Ne8 33.Rc5 Qa7 34.Qc1 Rd3 35.Qa1 Qd7 36.Nc1 Rd2
37.Nc4 Qd4 38.Nxd2 Qxc5 39.Qxa4 Qxc1+ 40.Nf1 Nf6 41.Qxb4 Nf5 42.Qd2 Qxd2
43.Nxd2 Nxg3 44.fxg3 Bb4 45.Nc4 Kf8 46.Kf1 Nd7 47.Ke2 Ke7 48.Kd3 Nc5+ 49.Kc2 f6  0-1

[Event "Open"]
[Site "Dubai UAE"]
[Date "2000.05.02"]
[Round "5"]
[White "Kusnetsov,K"]
[Black "Lputian,S"]
[Result "0-1"]
[WhiteElo "2245"]
[BlackElo "2605"]

1.d4 e6 2.c4 d5 3.Nc3 c6 4.cxd5 exd5 5.g3 Nf6 6.Bg2 Be7 7.Nh3 O-O 8.O-O Na6
9.Kh1 Nc7 10.Nf4 Re8 11.Qc2 Bd6 12.Bd2 a6 13.Rad1 Nb5 14.Bc1 Bc7 15.Nxb5 axb5
16.a3 Qe7 17.Rfe1 Ne4 18.Bxe4 Qxe4+ 19.Qxe4 Rxe4 20.f3 Re8 21.e4 dxe4 22.fxe4 Bg4
23.Rd3 Rad8 24.Bd2 Bb6 25.Bc3 g5 26.h3 gxf4 27.hxg4 f3 28.Rxf3 Bxd4 29.Bxd4 Rxd4
30.Ref1 Re7 31.Kg2 Rdxe4 32.Rf4 Rxf4 33.gxf4 Re2+ 34.Rf2 Rxf2+ 35.Kxf2 f5
36.g5 Kf7 37.Ke3 Ke6 38.Kd4 b6 39.b3 c5+ 40.Ke3 Kd5  0-1

[Event "GM"]
[Site "Montecatini Terme ITA"]
[Date "2000.07.28"]
[Round "1"]
[White "Piket,Je"]
[Black "Lputian,S"]
[Result "1/2-1/2"]
[WhiteElo "2649"]
[BlackElo "2598"]

1.d4 e6 2.c4 d5 3.Nf3 Nf6 4.g3 c6 5.Bg2 dxc4 6.O-O b5 7.Ne5 Bb7 8.a4 a6 9.axb5 axb5
10.Rxa8 Bxa8 11.Nc3 Nd5 12.Bxd5 cxd5 13.Nxb5 Qa5 14.Nc3 Nc6 15.Bf4 Bb4 16.e4 O-O
17.Qg4 h5 18.Nxc6 Bxc6 19.Qxh5 Bxc3 20.bxc3 Qxc3 21.Be5 Qd2 22.Rd1 Qh6 23.Qxh6 gxh6
24.exd5 Bxd5 25.Rb1 f6 26.Bd6 Rf7 27.Rb8+ Kg7 28.Rc8 Kg6 29.Rc7 Rxc7 30.Bxc7 Kf5
31.Kf1 Ke4 32.Ke2 c3 33.Bf4 h5 34.Be3 Bc4+ 35.Kd1 Kd3 36.Kc1 Bd5 37.h3 Bf3
38.h4 Bg4 39.Bh6 Bf3 40.Bg7 f5 41.Be5 Be4 42.Kd1 Bc6 43.Kc1 Ba4 44.Bg7 Ke2
45.Bf6 Kxf2 46.Be5 Kf3 47.Bf4 Ke2 48.Be5 Kd3 49.Bg7  1/2-1/2

[Event "Karpov It"]
[Site "Poikovsky RUS"]
[Date "2001.05.05"]
[Round "5"]
[White "Mitkov,N"]
[Black "Lputian,S"]
[Result "1/2-1/2"]
[WhiteElo "2578"]
[BlackElo "2607"]

1.e4 e6 2.d4 d5 3.Nc3 Bb4 4.e5 c5 5.a3 Bxc3+ 6.bxc3 Ne7 7.Qg4 Kf8 8.Qd1 b6
9.h4 Ba6 10.h5 h6 11.Nf3 Qc7 12.Rh4 cxd4 13.cxd4 Bxf1 14.Kxf1 Qc4+ 15.Kg1 Qa4
16.Rb1 Nbc6 17.Rb3 Rc8 18.Rd3 Ke8 19.Rf4 Nd8 20.Rb3 Rc4 21.Bb2 Qc6 22.Ne1 Qa4
23.Bc3 Qc6 24.Bb4 Nf5 25.g4 Ne7 26.Qd3 Qa4 27.Nf3  1/2-1/2

[Event "Karpov It"]
[Site "Poikovsky RUS"]
[Date "2001.05.06"]
[Round "6"]
[White "Lputian,S"]
[Black "Leitao,R"]
[Result "1-0"]
[WhiteElo "2607"]
[BlackElo "2587"]

1.d4 Nf6 2.Nf3 e6 3.g3 d5 4.Bg2 Be7 5.O-O O-O 6.c4 dxc4 7.Qc2 a6 8.a4 Bd7
9.Qxc4 Bc6 10.Bg5 Bd5 11.Qc2 Be4 12.Qc1 h6 13.Bxf6 Bxf6 14.Nc3 Bh7 15.Rd1 c6
16.a5 Nd7 17.Ne5 Qc7 18.Nxd7 Qxd7 19.Na4 Qc7 20.Nc5 Rfd8 21.Qc4 Rd6 22.Qb4 Rb8
23.e3 Be7 24.Qc3 Qd8 25.Bf3 Bf6 26.Kg2 Qc7 27.Ra4 Rdd8 28.Qb3 Be7 29.Rc1 e5
30.Rb4 exd4 31.exd4 Bxc5 32.Rxc5 Re8 33.Rb6 Qd7 34.Rcxc6 Bf5 35.h4 Qxd4 36.Rc7 Re6
37.Rxe6 Bxe6 38.Qb6 Qe5 39.Rxb7 Rxb7 40.Bxb7 Bc4 41.b4 Qe2 42.Bc6 h5 43.b5 Qf1+
44.Kh2 Qe2 45.Qc5 Bxb5 46.Bxb5 axb5 47.a6 Qf3 48.Kg1 Qd1+ 49.Kg2  1-0

[Event "2nd IECC"]
[Site "Ohrid MKD"]
[Date "2001.06.04"]
[Round "4"]
[White "Nevednichy,V"]
[Black "Lputian,S"]
[Result "1/2-1/2"]
[WhiteElo "2563"]
[BlackElo "2607"]

1.e4 e6 2.d4 d5 3.e5 c5 4.c3 Nc6 5.Nf3 Qb6 6.a3 Nh6 7.b4 cxd4 8.cxd4 Nf5
9.Bb2 Bd7 10.g4 Nfe7 11.Nc3 Ng6 12.Na4 Qd8 13.h4 h5 14.g5 b6 15.Bd3 Nf4 16.Ba6 Ne7
17.Nc3 Nf5 18.Ne2 Ng2+ 19.Kd2 b5 20.Qg1 g6 21.Qxg2 Qb6 22.Ng3 Ne7 23.Ne1 Qxa6
24.Nd3 Nc8 25.Nc5 Qc6 26.Rhc1 Nb6 27.Ke1 Nc4 28.Bc3 Be7 29.Nf1 O-O 30.Nd2 Bxc5
31.dxc5 Nxd2 32.Bxd2 d4 33.Qxc6 Bxc6 34.Ke2 Rfd8 35.Kd3 Kf8 36.f4 Rd7  1/2-1/2

[Event "2nd IECC"]
[Site "Ohrid MKD"]
[Date "2001.06.05"]
[Round "5"]
[White "Lputian,S"]
[Black "Atalik,S"]
[Result "1-0"]
[WhiteElo "2607"]
[BlackElo "2537"]

1.d4 d5 2.c4 c6 3.Nc3 Nf6 4.Nf3 dxc4 5.a4 Bf5 6.e3 e6 7.Bxc4 Bb4 8.O-O O-O
9.Nh4 Nbd7 10.f3 Bg6 11.Nxg6 hxg6 12.e4 e5 13.Be3 Qb6 14.Kh1 Rad8 15.Ne2 Qc7
16.Qc2 exd4 17.Bxd4 c5 18.Be3 Ne5 19.Ba2 Qe7 20.Nf4 Rd7 21.Nd5 Nxd5 22.Bxd5 Ng4
23.fxg4 Rxd5 24.exd5 Qxe3 25.Rad1 Rd8 26.Qc4 Rd6 27.Rf4 Qe7 28.Rdf1 g5 29.Rxf7 Qxf7
30.Rxf7 Kxf7 31.g3 a6 32.Qe4 Rf6 33.Qe5 Rf1+ 34.Kg2 Re1 35.Qc7+ Kf6 36.d6 Ke5  1-0

[Event "2nd IECC"]
[Site "Ohrid MKD"]
[Date "2001.06.06"]
[Round "6"]
[White "Delchev,A"]
[Black "Lputian,S"]
[Result "0-1"]
[WhiteElo "2584"]
[BlackElo "2607"]

1.c4 e6 2.g3 d5 3.Bg2 Nf6 4.Nf3 Be7 5.O-O O-O 6.d4 dxc4 7.Qc2 a6 8.a4 Bd7
9.Qxc4 Bc6 10.Bg5 a5 11.Nc3 Na6 12.Bxf6 Bxf6 13.e4 Nb4 14.Rfd1 b6 15.Ne1 Qd7
16.Nb5 Rfc8 17.Nc2 Nxc2 18.Qxc2 Be7 19.Bh3 Bxb5 20.axb5 c6 21.Qe2 Rf8 22.d5 cxd5
23.exd5 Bc5 24.dxe6 Qe8 25.b4 Bxb4 26.Bg2 Rd8 27.Rxd8 Qxd8 28.exf7+ Rxf7
29.Rd1 Qe7 30.Qxe7 Rxe7 31.Rd8+ Kf7 32.Bd5+ Kf6 33.f4 Re1+ 34.Kg2 Ke7 35.Rb8 Kd6
36.Bg8 Kc5 37.Rb7 Kxb5 38.Rxg7 a4 39.Rxh7 a3 40.Kf3 Re8 41.Ba2 Rc8 42.Rh5+ Ka4
43.Be6 Rc3+ 44.Kg4 Rc2 45.Bd7+ Kb3 46.Be6+ Rc4 47.Rd5 a2 48.Rd1 b5 49.Bd7 Kb2
50.Bxb5 Rc1 51.Rd4 Kb3 52.h3  0-1

[Event "2nd IECC"]
[Site "Ohrid MKD"]
[Date "2001.06.07"]
[Round "7"]
[White "Lputian,S"]
[Black "Aseev,K"]
[Result "1/2-1/2"]
[WhiteElo "2607"]
[BlackElo "2577"]

1.d4 Nf6 2.Nf3 e6 3.g3 c5 4.Bg2 cxd4 5.O-O a6 6.Nxd4 Qc7 7.b3 d5 8.c4 dxc4
9.bxc4 Be7 10.Ba3 Bxa3 11.Nxa3 O-O 12.Nb3 Bd7 13.c5  1/2-1/2

[Event "TCh-BIH"]
[Site "Neum BIH"]
[Date "2002.06.02"]
[Round "1"]
[White "Feletar,D"]
[Black "Lputian,S"]
[Result "1/2-1/2"]
[WhiteElo "2435"]
[BlackElo "2634"]

1.Nf3 b6 2.e4 Bb7 3.Nc3 e6 4.d4 Bb4 5.Bd3 Nf6 6.Bg5 h6 7.Bxf6 Qxf6 8.O-O Bxc3
9.bxc3 d6 10.Nd2 e5 11.f4 exd4 12.e5 dxe5 13.Ne4 Qe7 14.fxe5 Qxe5 15.Qf3 O-O
16.Nf6+ gxf6 17.Qxb7 Nd7 18.Rae1 Nc5 19.Qf3 Qg5 20.cxd4 Nxd3 21.Qxd3 Rfe8
22.Qf3 Kg7 23.Re4 Rxe4 24.Qxe4 Rd8 25.c4 Qg6 26.Qe3 Qg5 27.Qe4 Rd6 28.d5 b5
29.cxb5 Rxd5 30.a4 Rd2 31.Kh1 h5 32.h3 Ra2 33.Re1 Qg3 34.Rg1 Qb3 35.Qf5 Rxa4
36.Rf1 Qe6 37.Qxh5 Rb4 38.Qc5 Qd6 39.Qxd6 cxd6 40.Rd1 Rxb5 41.Rxd6 Rb6 42.Rd7 a6
43.Kh2 f5 44.Kg3 Kg6 45.Kf4 Rb4+ 46.Kf3 a5 47.Ra7 a4 48.g3 Rb3+ 49.Kf4 Rb4+
50.Kf3 Rb3+ 51.Kf4 Ra3 52.h4 Ra1 53.Ra6+ f6 54.Ra5 a3 55.Kf3 Ra2 56.Kf4 Ra1
57.Kf3 Kh6 58.Kg2 a2 59.Kh2 Kg7 60.Ra7+ Kg6 61.Ra5 f4 62.gxf4 f5 63.Kg2  1/2-1/2

[Event "TCh-BIH"]
[Site "Neum BIH"]
[Date "2002.06.03"]
[Round "3"]
[White "Lputian,S"]
[Black "Nikolac,J"]
[Result "1-0"]
[WhiteElo "2634"]
[BlackElo "2428"]

1.Nf3 d5 2.d4 Nf6 3.c4 e6 4.g3 Bb4+ 5.Bd2 Be7 6.Bg2 O-O 7.O-O b6 8.cxd5 exd5
9.Nc3 Bb7 10.Ne5 c5 11.dxc5 bxc5 12.Qb3 Nbd7 13.Nxf7 Qb6 14.Ng5 c4 15.Qc2 g6
16.Be3 Qd6 17.Rad1 Nb6 18.Bxb6 axb6 19.Nge4 Nxe4 20.Bxe4 Ra5 21.Nxd5  1-0

[Event "TCh-BIH"]
[Site "Neum BIH"]
[Date "2002.06.05"]
[Round "5"]
[White "Savic,Miod1"]
[Black "Lputian,S"]
[Result "1/2-1/2"]
[WhiteElo "2498"]
[BlackElo "2634"]

1.e4 e6 2.d4 d5 3.e5 c5 4.c3 Nc6 5.Nf3 Qb6 6.a3 Nh6 7.b4 cxd4 8.cxd4 Nf5
9.Bb2 Bd7 10.g4 Nh6 11.Rg1 f6 12.exf6 gxf6 13.Nc3 Nf7 14.Na4 Qc7 15.Rc1 Qf4
16.Rc3 Ng5 17.b5 Na5 18.Nxg5 fxg5 19.Bc1 Qxh2 20.Rgg3 Bd6 21.Rh3 Qg1 22.Qe2 O-O
23.Be3 Nc4 24.Rxc4 Bxb5 25.f3 Bxc4 26.Bxg1 Bxe2 27.Bxe2 Bxa3 28.Be3 e5 29.dxe5 Rae8
30.Bc5 Bxc5  1/2-1/2

[Event "TCh-BIH"]
[Site "Neum BIH"]
[Date "2002.06.05"]
[Round "6"]
[White "Lputian,S"]
[Black "Sokolov,I"]
[Result "1/2-1/2"]
[WhiteElo "2634"]
[BlackElo "2647"]

1.d4 d5 2.c4 c6 3.Nf3 Nf6 4.e3 Bg4 5.Qb3 Qb6 6.Nbd2 e6 7.Bd3 Nbd7 8.O-O Qxb3
9.axb3 Bb4 10.Ne1 O-O 11.Nc2 Be7 12.e4 dxe4 13.Nxe4 Nxe4 14.Bxe4 a6 15.f3 Bh5
16.Rd1 Rad8 17.Bd2 Nf6 18.Bd3 Rd7 19.Bc3 Rfd8 20.Ba5 Re8 21.Bc3 Red8  1/2-1/2

[Event "TCh-BIH"]
[Site "Neum BIH"]
[Date "2002.06.07"]
[Round "8"]
[White "Lputian,S"]
[Black "Varga,Zo"]
[Result "1/2-1/2"]
[WhiteElo "2634"]
[BlackElo "2495"]

1.d4 d5 2.Nf3 c6 3.c4 Nf6 4.Nc3 e6 5.g3 dxc4 6.Bg2 b5 7.O-O Nbd7 8.e4 b4
9.e5 bxc3 10.exf6 cxb2 11.fxg7 Bxg7 12.Bxb2 Rb8 13.Qc1 O-O 14.Ne5 Nxe5 15.dxe5 c5
16.Rd1 Qe7 17.Bc3 Bb7 18.Bxb7 Qxb7 19.Qe3 Rfd8 20.Rxd8+ Rxd8 21.Qxc5 Qf3
22.Qxc4 h5 23.Re1 Rd3 24.Bb4 Rd5 25.Qc8+ Kh7 26.Qc2+ Kg8 27.Bd6 h4 28.Qc8+ Kh7
29.Qc2+ Kg8 30.Qe2 Qf5 31.g4 Qf4 32.Qe4 Qxe4 33.Rxe4 h3 34.Kf1 Rd1+ 35.Re1 Rxe1+
36.Kxe1 Bh6 37.Bc5 Bf4 38.Bxa7 Bxe5 39.f3 Bxh2 40.Kf2 Bc7 41.Be3 f5 42.gxf5 exf5
43.Bd2 Kf7 44.a4 Ke6 45.a5 Kd5 46.a6 Kc6 47.Be3 h2 48.Kg2 Bg3 49.Bd4 f4  1/2-1/2

[Event "ECC"]
[Site "Halkidiki GRE"]
[Date "2002.09.23"]
[Round "2"]
[White "Degraeve,JM"]
[Black "Lputian,S"]
[Result "1/2-1/2"]
[WhiteElo "2586"]
[BlackElo "2634"]

1.e4 e6 2.d4 d5 3.Nc3 Bb4 4.Ne2 dxe4 5.a3 Be7 6.Nxe4 Nf6 7.N2g3 Nc6 8.c3 Nxe4
9.Nxe4 Qd5 10.Qf3 O-O 11.Bf4 Qb3 12.Rb1 e5 13.dxe5 Qe6 14.Qg3 Bd6 15.Be2 Bxe5
16.O-O Re8 17.Bxe5 Qxe5 18.Qxe5 Nxe5 19.Rbd1 Bf5 20.Ng3 Bc2 21.Rd4 Rad8 22.Rc1 Bb3
23.Kf1 c5 24.Re4 Kf8 25.Re1 Bc2 26.Re3 Nd3 27.Bxd3 Bxd3+ 28.Kg1 Rxe3 29.fxe3 Bc4
30.Nf1 Ke7 31.e4 Ke6 32.Ne3 Bb3 33.Kf2 Ke5 34.Kf3 Rd2 35.Re2 Rxe2 36.Ng4+ Ke6
37.Kxe2 Bc2 38.Kf3 Bxe4+ 39.Kxe4 f5+ 40.Kf4 fxg4 41.c4 Kf6 42.g3  1/2-1/2

[Event "4th Karpov It"]
[Site "Poikovsky RUS"]
[Date "2003.04.21"]
[Round "2"]
[White "Vescovi,G"]
[Black "Lputian,S"]
[Result "1-0"]
[WhiteElo "2615"]
[BlackElo "2638"]

1.e4 e6 2.d4 d5 3.Nc3 Bb4 4.e5 c5 5.a3 Ba5 6.b4 cxd4 7.Qg4 Ne7 8.bxa5 dxc3
9.Qxg7 Rg8 10.Qxh7 Nbc6 11.f4 Qxa5 12.Nf3 Bd7 13.Rb1 O-O-O 14.Qd3 Nf5 15.Rg1 Rg4
16.g3 Rh8 17.Kf2 Qc5+ 18.Be3 Qxa3 19.Rb3 Qa4 20.Rxc3 d4 21.Bxd4 Nxd4 22.Qxd4 Rxh2+
23.Rg2 Qxd4+ 24.Nxd4 Rh1 25.Bb5 Kc7 26.Bxc6 Bxc6 27.Nxc6 bxc6 28.Kf3 Rg8
29.Rd2 Rf1+ 30.Ke2 Ra1 31.Rd6 Ra6 32.Rcd3 Kb6 33.Rd7 Rf8 34.Rb3+ Kc5 35.Kf3 Ra4
36.Rc3+ Kb6 37.Rd6 Rc8 38.Kg4 Rg8+ 39.Kh4 Ra1 40.Rdxc6+  1-0

[Event "4th IECC"]
[Site "Istanbul TUR"]
[Date "2003.06.03"]
[Round "5"]
[White "Lputian,S"]
[Black "Luther,T"]
[Result "0-1"]
[WhiteElo "2638"]
[BlackElo "2571"]

1.d4 d5 2.c4 c6 3.Nc3 Nf6 4.e3 a6 5.a4 e6 6.Nf3 c5 7.Be2 Nc6 8.O-O Be7 9.b3 O-O
10.Bb2 b6 11.cxd5 exd5 12.Ne5 Bb7 13.Bf3 Nb4 14.Rc1 Re8 15.dxc5 bxc5 16.Nd3 Nxd3
17.Qxd3 Qd6 18.Rfd1 Rad8 19.a5 Qe6 20.Na4 Ne4 21.Bxe4 dxe4 22.Qc3 Qg4 23.Qc2 Rd3
24.h3 Qg5 25.Ba3 Red8 26.Nc3 Bf6 27.f4 Rxd1+ 28.Nxd1 Qg3 29.Qxc5 Qe1+ 30.Kh2 h6
31.Qb4 Qxb4 32.Bxb4 Rd5 33.Nf2 Bd8 34.Bc3 f5 35.b4 Kf7 36.g4 g6 37.Kg3 Ke6
38.Nd1 Rd3  0-1

[Event "ADCF Masters"]
[Site "Abu Dhabi UAE"]
[Date "2003.08.23"]
[Round "7"]
[White "Lputian,S"]
[Black "Yemelin,V"]
[Result "1-0"]
[WhiteElo "2623"]
[BlackElo "2550"]

1.d4 Nf6 2.c4 e6 3.Nf3 b6 4.g3 Bb7 5.Bg2 Be7 6.Nc3 Ne4 7.Bd2 Bf6 8.O-O O-O
9.Rc1 c5 10.dxc5 bxc5 11.Qb3 Qb6 12.Rfd1 Rd8 13.Bf4 Na6 14.Nxe4 Bxe4 15.Rd6 Qxb3
16.axb3 Nb4 17.Ne5 Bxg2 18.Kxg2 Bxe5 19.Bxe5 f6 20.Bc3 Na2 21.Ra1 Nxc3 22.bxc3 Rab8
23.Rxa7 Rxb3 24.Rd3 Kf8 25.Rc7 Ke7 26.Kf3 Rb6 27.h4 Rd6 28.Rxc5 Ra8 29.Ke3 Ra3
30.Rc8 Rxd3+ 31.Kxd3 Ra1 32.c5 Rd1+ 33.Ke3 Rc1 34.Kd2 Rf1 35.c6 dxc6 36.Rc7+ Kd6
37.Rxg7 Rxf2 38.Rxh7 Rg2 39.Rg7 f5 40.Ke3 Rh2 41.Rg8 Kc5 42.Re8 Kd6 43.Rd8+ Kc5
44.Kf3 e5 45.Rf8 f4 46.gxf4 Rh3+ 47.Kg4 Re3 48.Rf5  1-0

[Event "ACP Blitz Prelim4"]
[Site "playchess.com INT"]
[Date "2004.04.15"]
[Round "3"]
[White "Lputian,S"]
[Black "Tregubov,P"]
[Result "1-0"]
[WhiteElo "2634"]
[BlackElo "2636"]

1.d4 Nf6 2.c4 c5 3.e3 cxd4 4.exd4 d5 5.Nc3 g6 6.Nf3 Bg7 7.Be2 O-O 8.O-O Nc6
9.c5 Bg4 10.h3 Bxf3 11.Bxf3 Qd7 12.Be3 Rad8 13.a3 e5 14.dxe5 Nxe5 15.Bd4 Nc6
16.Ne2 Nxd4 17.Nxd4 Ne4 18.Rc1 Qe7 19.b4 Qf6 20.Nb5 a6 21.Bxe4 axb5 22.Bd3 Qb2
23.Rb1 Qxa3 24.Bxb5 Bc3 25.Rb3  1-0

[Event "ACP Blitz Prelim4"]
[Site "playchess.com INT"]
[Date "2004.04.15"]
[Round "7"]
[White "Lputian,S"]
[Black "Najer,E"]
[Result "0-1"]
[WhiteElo "2634"]
[BlackElo "2606"]

1.d4 d5 2.c4 c6 3.Nf3 Nf6 4.e3 Bf5 5.Qb3 Qc7 6.Bd2 e6 7.Be2 Nbd7 8.O-O a5
9.Rc1 Bd6 10.Nc3 Qb8 11.cxd5 exd5 12.h3 h5 13.Na4 Ne4 14.Bd3 Rh6 15.Be1 Kf8
16.Qc2 Rf6 17.Nd2 Bh2+ 18.Kh1 Nxf2+ 19.Bxf2 Bxd3 20.Qxd3 Rxf2 21.Nf3 Bg3
22.Rf1 Nf6 23.Ng5 Kg8 24.Rxf2 Bxf2 25.Nb6 Qg3 26.Nxa8 Qxg5 27.Rf1 Qg3 28.Nb6 Ng4  0-1

[Event "ACP Blitz Prelim4"]
[Site "playchess.com INT"]
[Date "2004.04.15"]
[Round "10"]
[White "Zaitsev,M"]
[Black "Lputian,S"]
[Result "0-1"]
[WhiteElo "2466"]
[BlackElo "2634"]

1.e4 e6 2.d3 d5 3.Qe2 Nf6 4.Nf3 b6 5.c3 dxe4 6.dxe4 Ba6 7.Qc2 Bxf1 8.Rxf1 Be7
9.Be3 O-O 10.Nbd2 Nbd7 11.O-O-O Qc8 12.h3 Nc5 13.Bxc5 Bxc5 14.e5 Nd7 15.Ne4 Be7
16.Neg5 g6 17.h4 Rd8 18.Qe4 Nc5 19.Qf4 Rxd1+ 20.Rxd1 Qe8 21.b4 Na4 22.Kc2 a5
23.a3 axb4 24.axb4 c5 25.b5 c4 26.Nd4 Nc5 27.Nc6 Bxg5 28.Qxg5 Qf8 29.h5 h6
30.Ne7+ Kh8 31.Qf6+ Qg7 32.hxg6 fxg6 33.Nxg6+ Kh7 34.Nf4 Ra2+ 35.Kb1 Rxf2
36.Qxg7+ Kxg7 37.g3 h5 38.Rd6 h4 39.Rxb6 hxg3 40.Nh5+ Kf7 41.Nxg3 Na4 42.Rb7+ Kg6
43.Ne4 Re2 44.Ra7 Rxe4 45.Rxa4 Rxe5 46.Rb4 Rc5 47.b6 Rc8 48.Kb2 e5 49.Ka3 Kf5
50.Ka4 e4 51.Kb5 e3 52.b7 Rb8 53.Kc6 e2 54.Rb1 Ke4 55.Re1 Kd3 56.Kc7 Rxb7+
57.Kxb7 Kd2 58.Rh1 e1=Q 59.Rxe1 Kxe1  0-1

[Event "ACP Blitz Prelim4"]
[Site "playchess.com INT"]
[Date "2004.04.15"]
[Round "11"]
[White "Lputian,S"]
[Black "Battesti,S"]
[Result "1-0"]
[WhiteElo "2634"]
[BlackElo "1864"]

1.d4 Nf6 2.c4 c5 3.d5 b5 4.Nd2 bxc4 5.e4 d6 6.Bxc4 g6 7.b3 Bg7 8.Bb2 O-O
9.Ngf3 a5 10.a4 Ba6 11.O-O Nbd7 12.Qc2 Nb6 13.Bc3 Bxc4 14.bxc4 Qc7 15.Rfb1 Rfb8
16.Rb5 Nfd7 17.Bxg7 Kxg7 18.Qc3+ Kg8 19.Nb3 Nc8 20.Nxa5 Rxb5 21.axb5 Ncb6
22.h3 Nf6 23.Nd2 Nfd7 24.Nc6 Rxa1+ 25.Qxa1 Ne5 26.Nxe5 dxe5 27.Qa3 f5 28.exf5 gxf5
29.Qg3+ Kh8 30.Qg5 Qd7 31.Qh6 Na4 32.Qf8+  1-0

[Event "ACP Blitz Prelim4"]
[Site "playchess.com INT"]
[Date "2004.04.15"]
[Round "15"]
[White "Lputian,S"]
[Black "Harikrishna,P"]
[Result "0-1"]
[WhiteElo "2634"]
[BlackElo "2599"]

1.d4 d5 2.c4 c6 3.Nf3 Nf6 4.Nc3 dxc4 5.a4 Bf5 6.e3 e6 7.Bxc4 Bb4 8.O-O O-O
9.Nh4 Bg4 10.f3 Bh5 11.g4 Bg6 12.Qe1 Nbd7 13.g5 Nd5 14.e4 N5b6 15.Qe2 Ne5
16.dxe5 Qd4+ 17.Be3 Qxc4 18.Bxb6 Qxe2 19.Nxe2 axb6 20.Rfd1 Rfd8 21.Kf2 Be7
22.Nxg6 hxg6 23.f4 Rxd1 24.Rxd1 Rxa4 25.Rd7 Bc5+ 26.Kf3 Rb4 27.Rxb7 Rxb2
28.h4 Rb3+ 29.Kg4 Bf2 30.f5 gxf5+ 31.exf5 exf5+ 32.Kxf5 g6+ 33.Kf6 Rf3+ 34.Ke7 Re3
35.Nf4 Rxe5+ 36.Kd6 Re4 37.Nh3 Be3 38.Re7 Bc5+ 39.Kxc6 Rxe7  0-1

[Event "ACP Blitz Prelim4"]
[Site "playchess.com INT"]
[Date "2004.04.15"]
[Round "16"]
[White "Psakhis,L"]
[Black "Lputian,S"]
[Result "0-1"]
[WhiteElo "2545"]
[BlackElo "2634"]

1.e4 e6 2.Qe2 c5 3.f4 Nc6 4.Nf3 Nf6 5.g3 d5 6.e5 Nd7 7.Bg2 c4 8.d4 cxd3 9.cxd3 b6
10.O-O Ba6 11.Rd1 Nc5 12.Be3 d4 13.Bf2 Nb4 14.Ne1 Rc8 15.Na3 Be7 16.Bf1 O-O
17.Qd2 Na4 18.Nc4 b5 19.Na3 Nc6 20.Bg2 Bb4 21.Qe2 Bxa3 22.bxa3 Nc3 23.Qb2 Nxd1
24.Rxd1 Qd7 25.Nf3 Rb8 26.Ng5 b4 27.Ne4 bxa3 28.Qxa3 Nb4 29.Nc5 Qb5 30.Nxa6 Qxa6
31.Qxa6 Nxa6 32.Bxd4 Nb4 33.Bxa7 Rbc8 34.a4 Rfd8 35.a5 Rxd3 36.Rb1 Nd5 37.Bf2 Ra3
38.Bb6 h5 39.Bf1 Ne3 40.Bxe3 Rxe3 41.Ra1 Ra8 42.a6 Ra7 43.Bg2 Rb3 44.Bf1 Kh7
45.Rd1 g5 46.Bc4 Rc3 47.Bd3+ Kh6 48.h4 gxf4 49.gxf4 Rd7 50.Ra1 Rcxd3 51.a7 Rd1+  0-1

[Event "ACP Blitz Prelim4"]
[Site "playchess.com INT"]
[Date "2004.04.15"]
[Round "17"]
[White "Lputian,S"]
[Black "Skripchenko,A"]
[Result "0-1"]
[WhiteElo "2634"]
[BlackElo "2456"]

1.d4 d5 2.c4 dxc4 3.e3 e5 4.Bxc4 exd4 5.Nf3 Bb4+ 6.Bd2 Bxd2+ 7.Qxd2 Nf6 8.Qxd4 Qe7
9.O-O O-O 10.Nc3 Nc6 11.Qh4 Be6 12.Bb5 Nd5 13.Bxc6 Qxh4 14.Nxh4 Nxc3 15.Bxb7 Rab8
16.bxc3 Rxb7 17.Nf3 Rb2 18.a4 Rfb8 19.Nd4 Bc4 20.Rfc1 g6 21.h4 a6 22.g4 c5
23.Nc6 R8b6 24.Ne5 Ba2 25.Nd3 Rd2 26.Nxc5 Rbb2 27.Ne4 Re2 28.Re1 Rec2 29.g5 Kg7
30.Rac1 Bd5 31.Nf6 Rxf2 32.Nxd5 Rg2+ 33.Kf1 Rbf2+  0-1

[Event "3rd ACP Blitz Prelim3"]
[Site "playchess.com INT"]
[Date "2004.06.02"]
[Round "7"]
[White "Lputian,S"]
[Black "Vasilevich,T"]
[Result "1-0"]
[WhiteElo "2634"]
[BlackElo "2386"]

1.d4 Nf6 2.c4 e5 3.e3 exd4 4.exd4 d5 5.Nc3 Be7 6.Nf3 O-O 7.cxd5 Nxd5 8.Bd3 c6
9.O-O Nd7 10.Re1 N7f6 11.Ne5 Be6 12.Bg5 h6 13.Bh4 Qb6 14.Na4 Qa5 15.a3 Rad8
16.b4 Qc7 17.Bg3 Bd6 18.Nc5 Bc8 19.Qf3 a5 20.bxa5 Qxa5 21.Nc4 Qc7 22.Nxd6 Rxd6
23.Ne4 Nxe4 24.Bxe4 Nf6 25.Bc2 Rfd8 26.Bxd6 Qxd6 27.Bb3 Bg4 28.Qe3 Qd5 29.Bxd5  1-0

[Event "3rd ACP Blitz Prelim3"]
[Site "playchess.com INT"]
[Date "2004.06.02"]
[Round "11"]
[White "Lputian,S"]
[Black "Macieja,B"]
[Result "1-0"]
[WhiteElo "2634"]
[BlackElo "2633"]

1.d4 Nf6 2.c4 e6 3.Nf3 b6 4.g3 Ba6 5.b3 c6 6.Bg2 d5 7.Nbd2 Nbd7 8.O-O Be7
9.Bb2 O-O 10.Re1 Bb7 11.Qc2 c5 12.cxd5 Bxd5 13.e4 Bb7 14.Rad1 Rc8 15.d5 exd5
16.exd5 Nxd5 17.Nc4 Bf6 18.Nd6 Nb4 19.Qb1 Bxf3 20.Bxf3 Rb8 21.a3 Na6 22.Bc6 Bxb2
23.Qxb2 Qf6 24.Qe2 Rbd8 25.Bxd7 Rxd7 26.Ne4 Qd8 27.Rxd7 Qxd7 28.Qxa6 Re8
29.Qc4 Kf8 30.Re3 Qd1+ 31.Kg2 Qd7 32.Qe2 Qc6 33.Qf3 Qd5 34.h4 h6 35.Nc3 Qxf3+
36.Kxf3 Rd8 37.Ke2 a6 38.Rd3 Re8+ 39.Kd2 Re6 40.Nd5 g6 41.Nc7 Rf6 42.f4 b5
43.Rd8+ Ke7 44.Nd5+ Kxd8 45.Nxf6 Kc7 46.Ng4 h5 47.Ne5  1-0

[Event "3rd ACP Blitz Prelim3"]
[Site "playchess.com INT"]
[Date "2004.06.02"]
[Round "14"]
[White "Karjakin,Sergey"]
[Black "Lputian,S"]
[Result "1/2-1/2"]
[WhiteElo "2580"]
[BlackElo "2634"]

1.e4 e6 2.d4 d5 3.Nc3 Bb4 4.e5 c5 5.a3 Bxc3+ 6.bxc3 Ne7 7.Qg4 O-O 8.Bd3 Nbc6
9.Qh5 Ng6 10.Nf3 Qc7 11.Be3 Nce7 12.h4 Bd7 13.Qg4 f5 14.Qh3 Nh8 15.h5 Nf7
16.h6 g6 17.Qh4 cxd4 18.cxd4 f4 19.Qxe7 fxe3 20.fxe3 Qd8 21.Qf6 Qxf6 22.exf6 e5
23.dxe5 Rae8 24.O-O Nxe5 25.Nxe5 Rxe5 26.Rf3 Bf5 27.Raf1 Rxf6 28.Be2 Rf7
29.Bd3 Be6 30.Rxf7 Bxf7 31.Rf3 Rh5 32.Rh3 Rxh3 33.gxh3 Be6 34.Kg2 Kf7 35.Kg3 Kf6
36.h4  1/2-1/2

[Event "3rd ACP Blitz Prelim3"]
[Site "playchess.com INT"]
[Date "2004.06.02"]
[Round "17"]
[White "Lputian,S"]
[Black "Psakhis,L"]
[Result "0-1"]
[WhiteElo "2634"]
[BlackElo "2545"]

1.d4 e6 2.c4 Nf6 3.Nf3 c5 4.d5 d6 5.Nc3 exd5 6.cxd5 g6 7.Bf4 a6 8.Nd2 b5
9.a4 b4 10.Nce4 Nxe4 11.Nxe4 Bf5 12.Ng3 Qf6 13.Qd2 Be7 14.e4 Bc8 15.h4 Nd7
16.Be2 h5 17.a5 Ne5 18.Bg5 Qg7 19.Bxe7 Kxe7 20.f4 Ng4 21.Bxg4 Bxg4 22.O-O Qd4+
23.Qxd4 cxd4 24.Rfc1 Rhc8 25.Kf2 b3 26.Rc6 Bd7 27.Rac1 Bxc6 28.dxc6 Rab8
29.Ke2 Rb5 30.Kd3 Rc5 31.Rxc5 dxc5 32.Kc4 Kd6 33.e5+ Kxc6 34.Ne4 d3 35.Nd2 Rd8
36.Kxb3 Kb5 37.Kc3 Rd4 38.g3 Kc6 39.Nf3 Rd8 40.Kd2 Kb5 41.Ng5 Rd7 42.Ne4 Kc4
43.Nd6+ Kd4 44.b3 Rd8 45.Nxf7 Rb8 46.e6 c4 47.bxc4 Rb2+ 48.Ke1 Ke3 49.Kf1 d2  0-1

[Event "3rd ACP Blitz Prelim3"]
[Site "playchess.com INT"]
[Date "2004.06.02"]
[Round "21"]
[White "Lputian,S"]
[Black "Grabuzova,T"]
[Result "1-0"]
[WhiteElo "2634"]
[BlackElo "2348"]

1.d4 d5 2.c4 dxc4 3.Nf3 Nf6 4.e3 e6 5.Bxc4 c5 6.O-O Nc6 7.dxc5 Bxc5 8.Qe2 Qc7
9.b3 O-O 10.Bb2 Ng4 11.Nc3 Nge5 12.Nxe5 Nxe5 13.Rac1 Nxc4 14.Qxc4 Bb6 15.Qh4 Qd8
16.Qh5 Qf6 17.Rfd1 Qg6 18.Qh4 e5 19.Nd5 Qe6 20.Ba3 Re8 21.Nc7 Bxc7 22.Rxc7 b6
23.h3 Qg6 24.Rd8 Be6 25.Rxe8+ Rxe8 26.Rxa7 f6 27.Kh2 Rb8 28.Bd6 Rc8 29.Qb4 h6
30.Qxb6 Bd5 31.e4 Bxe4 32.f3 Bxf3 33.Qf2 Bd5 34.Rc7 Rxc7 35.Bxc7 Qe4 36.a4 Qd4
37.Qxd4 exd4 38.b4 d3 39.Bf4 Bb3 40.a5 Bc4 41.Kg3 g5 42.Bd2 f5 43.Kf3 Kf7
44.Ke3 f4+ 45.Kd4 Ba6 46.Kc5 h5 47.b5 Bc8 48.a6 Ke6 49.Kc6 Ke5 50.a7 Bf5
51.b6 Be4+ 52.Kc7 f3 53.gxf3 Bxf3 54.b7 Bxb7 55.Kxb7 Ke4 56.a8=Q g4 57.Qa4+ Kf3
58.Qf4+ Kg2 59.hxg4 hxg4 60.Qxg4+ Kf2 61.Qf4+ Ke2 62.Qe3+ Kd1 63.Bb4  1-0

[Event "3rd ACP Blitz Prelim3"]
[Site "playchess.com INT"]
[Date "2004.06.02"]
[Round "22"]
[White "Macieja,B"]
[Black "Lputian,S"]
[Result "1-0"]
[WhiteElo "2633"]
[BlackElo "2634"]

1.e4 e6 2.d4 d5 3.Nc3 Bb4 4.e5 c5 5.Bd2 Ne7 6.Nb5 Bxd2+ 7.Qxd2 O-O 8.c3 Nbc6
9.f4 Qb6 10.Nf3 Bd7 11.dxc5 Qxc5 12.Nbd4 Nxd4 13.cxd4 Qb6 14.Bd3 Bb5 15.Bc2 Rac8
16.Rd1 Rc7 17.Bb1 Rfc8 18.Kf2 Ba4 19.b3 Bb5 20.g4 Rc3 21.f5 exf5 22.gxf5 f6
23.Rhg1 Kh8 24.Rg4 Be8 25.Rh4 fxe5 26.Nxe5 Qf6 27.Qf4 h6 28.Rg1 a5 29.Rhg4 g5
30.fxg6 Qxf4+ 31.Rxf4 Kg7 32.Ke2 Rh3 33.Rg2 a4 34.Rgf2 Nxg6 35.Rf7+ Bxf7
36.Rxf7+ Kg8 37.Bxg6 Rxh2+ 38.Kf3 Rc6 39.Bh7+ Kh8 40.Ng6+ Rxg6 41.Bxg6 Rxa2
42.bxa4 Rxa4 43.Ke3 b5 44.Rb7 b4 45.Bf7 Ra3+ 46.Kf4 Rd3 47.Ke5 b3 48.Bxd5 Re3+
49.Kd6 Rd3 50.Kc5 Rc3+ 51.Bc4 h5 52.Rxb3 Rc1 53.Rh3 Kg7 54.Rxh5 Kf6 55.Re5 Rc2
56.Re2 Rc1 57.d5 Rd1 58.d6 Kf5 59.Re3 Kf6 60.Rd3 Rxd3 61.Bxd3 Ke6 62.Bb5  1-0